000 00256nam a22000977a 4500
008 170113b xxu||||| |||| 00| 0 eng d
041 _aeng
080 _26TH
_a618.2
245 _aCLINICAL COMPANION FOR FUNDAMENTALS OF NURSING
_cPOTTER & PERRY
942 _2udc
_cBK
999 _c2895
_d2895